Film magic : the art and science of special effects /

Bibliographic Details
Main Author: Hutchison, David, 1944-
Format: Book
Language:English
Published: New York : Prentice-Hall, [1987]
Subjects:

MARC

Tag First Indicator Second Indicator Subfields
LEADER 00000cam a2200000 a 4500
001 in00000033163
005 20151007055136.0
008 870121s1987 nyua 00110 eng
010 |a  86043100  
020 |a 0133147746 (pbk.) :  |c $12.95 
035 |a (OCoLC)15164415 
035 |9 AAB7380AM 
040 |a DLC  |c DLC  |d TXA  |d UtOrBLW 
049 |a TXAM  |c [A11645129] 
050 0 0 |a TR858  |b .H88 1987 
082 0 |a 791.43/024  |2 19 
100 1 |a Hutchison, David,  |d 1944- 
245 1 0 |a Film magic :  |b the art and science of special effects /  |c David Hutchison. 
264 1 |a New York :  |b Prentice-Hall,  |c [1987] 
264 4 |c ©1987 
300 |a xxi, 168 pages :  |b illustrations ;  |c 24 cm. 
336 |a text  |b txt  |2 rdacontent 
337 |a unmediated  |b n  |2 rdamedia 
338 |a volume  |b nc  |2 rdacarrier 
500 |a Includes index. 
650 0 |a Cinematography  |x Special effects. 
999 |a MARS 
999 f f |s 09746342-a290-3d28-a77c-c288a9be5c54  |i 3119b148-17eb-32a6-9982-4aea15476e68  |t 0 
952 f f |p ric  |a Texas A&M University  |b Rellis Campus  |c Joint Library Facility  |d Remote Storage  |t 0  |e TR858 .H88 1987  |h Library of Congress classification  |i unmediated -- volume  |m A14811645129 
998 f f |a TR858 .H88 1987  |t 0  |l Remote Storage